000 00673nam a2200241Ia 4500
003 OSt
005 20221007080724.0
006 a|||||r|||| 00| 0
007 ta
008 221006b |||||||| |||| 00| 0 eng d
024 _a28,218
037 _cTextual
040 _aFLL
_cFLL
_beng
041 _2eng
_aeng
082 _aZ73:44, H1.2
100 _aShearman Thomas G.
_9695342
245 0 _aLaw of negligence
260 _aNew York
_bBaker, Voorhis & Co., Inc. New
_c1941
300 _aviii,962p
_ccm.
700 _a Redfield Amasa A.
_9695343
942 _hZ73:44, H1.2
_cTEXL
_2CC
999 _c1160677
_d1160677